| 000 | 00398nam a22001577a 4500 | ||
|---|---|---|---|
| 999 |
_c166131 _d166131 |
||
| 008 | 190715b ||||| |||| 00| 0 eng d | ||
| 020 | _a8122306896 | ||
| 040 |
_aDPL _bEnglish |
||
| 082 |
_a158.1 SHA _b1 |
||
| 100 | _aS.P. Sharma | ||
| 245 | _aYoungster' Guide for Personality Development | ||
| 250 | _a2nd ed. | ||
| 260 |
_aDelhi _bPustak Mahal |
||
| 300 |
_a115 _c21.5 cm. |
||
| 942 |
_2ddc _cEN |
||